| 000 | 00920nac a22002657a 4500 | ||
|---|---|---|---|
| 001 | BR8704203 | ||
| 003 | BR-BrBNA | ||
| 005 | 20240105120525.0 | ||
| 008 | 230509b bl.|||m| |||| 00| 0 por d | ||
| 040 |
_aBR-BrBNA _bpor _cBiblioteca Nacional de Agricultura |
||
| 072 | _aQ54 | ||
| 090 | _a6200 BR8704203 | ||
| 100 | 1 | _aDias, P.G. de O. | |
| 100 | 1 | _aCurvello, F.A. | |
| 100 | 1 | _aMonteiro, J.M.L. | |
| 110 | 1 | _aEmpresa de Pesquisa Agropecuaria do Estado do Rio de Janeiro, Niteroi (Brasil) | |
| 245 | 1 | _aEfeitos de substancia hidratantes para pintos no desempenho de frangos de corte | |
| 260 | 3 |
_aNiteroi, RJ (Brasil): _c1986. |
|
| 300 | _a2 p. | ||
| 490 |
_aComunicado Tecnico - Empresa de Pesquisa Agropecuaria do Estado do Rio de Janeiro (Brazil) _vno. 171 _xISSN 0100-896X |
||
| 650 | _aFRANGO DE CORTE | ||
| 650 | _aRACAO | ||
| 909 |
_a202312 _bLúcia Elande _c55 _dLúcia Elande |
||
| 942 |
_2AGRIS _n0 _cMS |
||
| 999 |
_c279938 _d279938 |
||